00329nam a2200133Ia 4500008004100000082001800041100002500059245003200084250000800116260002700124300000800151500002400159650001200183230524s9999 xx 000 0 und d a612.3812bLAK aK.R.Lakshminarayanan 0aEffective Technical English a3RD aCHENNAIbScitechc2004 a233 aQuantity Number: 2 aEnglish